| 000 | 00948nam a22001937a 4500 | ||
|---|---|---|---|
| 005 | 20240207094446.0 | ||
| 008 | s2553 th ||||| |||| 00| 0 tha d | ||
| 020 | _a9786169057505 | ||
| 040 | _aNALT | ||
| 090 | _aKP69 ร157 2553 | ||
| 100 | 0 | _aปิยนารถ วรศิริ, บรรณาธิการ | |
| 245 | 1 | 0 | _aรวมพลังผลักดันองค์การอิสระผู้บริโภค แสงแห่งความหวัง...เริ่มสาดส่อง |
| 260 | 3 |
_aกรุงเทพฯ : _bคณะเภสัชศาสตร์ จุฬาลงกรณ์มหาวิทยาลัย, _c2553 |
|
| 300 |
_a64 หน้า ; _b 19 ซม. |
||
| 650 | 0 | 4 | _aองค์การอิสระผู้บริโภค |
| 650 | 0 | 4 | _aการคุ้มครองผู้บริโภค -- สัมมนา |
| 850 | _aNALT | ||
| 942 |
_cLB _2lcc |
||
| 999 |
_c63366 _d63366 |
||
| 998 |
_j4574 _k นักศึกษาฝึกงาน-01 |
||